Mumbai Metro Stations - Statistics

General Stats
  • This quiz has been taken 15 times
  • The average score is 19 of 51
Answer Stats
Line Answer % Correct
1, 7 Western Express Highway/Gundavali
90%
1 Andheri
80%
1, 2 DN Nagar/Andheri West
70%
1 Ghatkopar
70%
1 Marol Naka
70%
1 Versova
70%
1 Airport Road
60%
1 Asalpha
60%
2 Oshiwara
60%
1 Saki Naka
60%
7 Aarey
50%
7 Ovaripada
50%
7 Poisar
50%
1 Azad Nagar
40%
2 Dahanukarwadi
40%
2, 7 Dahisar East
40%
7 Dindoshi
40%
7 Goregaon East
40%
7 Jogeshwari East/JVLR Junction
40%
2 Lower Malad
40%
7 Rashtriya Udyan
40%
7 Akurli
30%
Navi Mumbai Metro 1 Belapur CBD/Belapur Terminal
30%
2 Borivali West
30%
1 Chakala-JB Nagar
30%
7 Devipada
30%
2 Goregaon West
30%
1 Jagruti Nagar
30%
7 Kurar
30%
2 Lower Oshiwara/Adarsh Nagar
30%
2 Malad West
30%
7 Mogra
30%
Navi Mumbai Metro 1 Pendhar
30%
Navi Mumbai Metro 1 Amandoot
20%
2 Anand Nagar
20%
Navi Mumbai Metro 1 Belpada
20%
Navi Mumbai Metro 1 Central Park
20%
2 Eksar
20%
2 Kandarpada
20%
2 Kandivali West
20%
Navi Mumbai Metro 1 Kendriya Vihar
20%
Navi Mumbai Metro 1 Kharghar Village
20%
7 Magathane
20%
2 Mandapeshwar
20%
2 Pahadi Eksar
20%
2 Pahadi Goregaon
20%
Navi Mumbai Metro 1 Pethali-Taloja/Taloja Panchanand
20%
Navi Mumbai Metro 1 Pethpada
20%
Navi Mumbai Metro 1 RBI Colony
20%
Navi Mumbai Metro 1 Utsav Chowk
20%
2 Valnai-Meeth Chowky
20%
No matching quizzes found
Score Distribution
Percent of People with Each Score
Percentile by Number Answered
Your Score History
You have not taken this quiz